000 00417nam a2200157 i 4500
001 bg
100 1 _aFALKIEWICZ, Rudolf
245 0 _aFinanse przedsiębiorstw transportowych /
_cRudolf Falkiewicz, Lesław Swatler.
260 _aWarszawa,
_c1979.
700 1 _aSWATLER, Lesław
040 _cBPK
041 _apol
080 _a658.14/.17:656](075.8)
942 _cKS
008 s pl f |000 0 pol
999 _c18733
_d18733
856 _uhttp://koha.tu.koszalin.pl/cgi-bin/koha/opac-detail.pl?biblionumber=18733
_yKatalog online BPK